Normal view
MARC view
- Payne, Charles A
Entry Personal Name
001 - CONTROL NUMBER
- control field: 101544
003 - CONTROL NUMBER IDENTIFIER
- control field: NUST
005 - DATE AND TIME OF LATEST TRANSACTION
- control field: 20221027145313.0
008 - FIXED-LENGTH DATA ELEMENTS
- fixed length control field: 221027|| aca||aabn | a|a d
040 ## - CATALOGING SOURCE
- Original cataloging agency: NUST
- Transcribing agency: NUST
100 ## - HEADING--PERSONAL NAME
- Personal name: Payne, Charles A
670 ## - SOURCE DATA FOUND
- Source citation: Work cat.: (NUST)179671: Payne, Charles A., Modern physical science /, [1974]
